000 00538nam a2200217Ia 4500
003 OSt
005 20220928145643.0
006 a|||||r|||| 00| 0
007 ta
008 220927b |||||||| |||| 00| 0 eng d
024 _a81625
037 _cTextual
040 _aSDCL
_cSDCL
_beng
041 _2eng
_aeng
082 _aV2'J1<--D1, K8
100 _aCoedes G
_9513810
245 0 _aIndianized states of Southeast Asia
260 _c1968
942 _hV2'J1<--D1, K8
_cTEXL
_2CC
999 _c834472
_d834472